Famous People from Dubuque by Picture - Statistics

General Stats
  • This quiz has been taken 6 times
  • The average score is 13 of 64
Answer Stats
Picture Hint Answer % Correct
First White Settler in Dubuque (1762-1810) Julien Dubuque
83%
RNC Chair / Businessman (1862-1939) John T. Adams
50%
Actress (born 1955) Kate Mulgrew
50%
Suffragist (1837-1901) Mary Newbury Adams
50%
Socialist / Educator (1873-1954) Algernon Lee
33%
Football Player & Referee (1914-2002) Jay Berwanger
33%
Hockey Player (born 1975) Landon Wilson
33%
Tuskegee Airman (1919-2018) Robert Martin
33%
U.S. Representative / Attorney / Businessman (1794-1872) Timothy Davis
33%
Football Player (born 1984) Aaron Brant
17%
Author (1843-1919) Ada Langworthy Collier
17%
Sand Artist (1857-1894) Andrew Clemens
17%
Suffragist (1872-1957) Anna B. Lawther
17%
Editor / Journalist / Podcaster (born 1982) Ann Friedman
17%
Sport Shooter (born 1969) Ann-Marie Pfiffner
17%
Football Player (born 1979) Dan Koppen
17%
Ambassador (born 1949) Dan Mozena
17%
U.S. Speaker of the House (1840-1906) David B. Henderson
17%
Author / Journalist (born 1971) David Farley
17%
Playwright / Screenwriter (born 1940) David Rabe
17%
Football Player (born 1987) David Reed
17%
Restaurateur (born 1958) Doron Jensen
17%
Correspondent / Author / Songwriter / Illustrator / Painter (1847-1916) Eunice Gibbs Allyn
17%
Actor / Stage Director / Manager (1858-1929) Frank Keenan
17%
Football Player (1918-2019) Fred Gloden
17%
Novelist (born 1969) Geoff Herbach
17%
Navy Rear-Admiral (1847-1930) Gottfried Blocklinger
17%
Basketball Coach (born 1975) Greg Heiar
17%
Governor of Idaho / Mayor of Boise (1847-1929) James H. Hawley
17%
Attorney / Ambassador (1864-1938) James R. Sheffield
17%
Baseball Player (1936-1996) Joe Hoerner
17%
Football, Basketball & Baseball Coach (1874-1962) John Chalmers
17%
Basketball Coach & Player (1927-2013) Johnny Orr
17%
Football Player (born 1990) Josh Lenz
17%
Football Player (born 1944) Karl Noonan
17%
Volleyball Player & Coach (born 1989) Kayla Banwarth
17%
President of the World Food Prize Foundation / Ambassador (born 1942) Kenneth M. Quinn
17%
Basketball Player (born 1951) Kevin Kunnert
17%
Army Chief of Engineers (1860-1945) Lansing Hoskins Beach
17%
NASA Flight Director & Launch Integration Manager (born 1964) LeRoy E. Cain
17%
Photographer / Documentary Filmmaker (born 1957) Louie Psihoyos
17%
Volleyball Player (born 1999) Mac May
17%
Actress (1910-1981) Margaret Lindsay
17%
Journalist / Actor (born 1964) Mark Steines
17%
CFTC Commissioner (born 1973/1974) Mark Wetjen
17%
U.S. Representative / District Judge (1861-1931) Martin Joseph Wade
17%
U.S. Representative (born 1945) Mike Blouin
17%
Mountain Biker (born 1959) Mike Kloser
17%
Football Player (born 1992) Mike Meyer
17%
Football Player (1942-2019) Mike Reilly
17%
President of the Iowa Senate (born 1954) Pam Jochum
17%
Speaker of the Iowa House (born 1959) Pat Murphy
17%
Football Player (born 1981) Pete McMahon
17%
Author (1913-1977) Richard Pike Bissell
17%
Football Player (born 1993) Riley McCarron
17%
U.S. Representative (born 1955) Rod Blum
17%
Author (1940-2021) Susan Engberg
17%
Iowa Attorney General (born 1944) Tom Miller
17%
Software Developer / Entrepreneur (born 1979) Tom Preston-Werner
17%
U.S. Representative (born 1950) Tom Tauke
17%
Hockey Player (born 1993) Tucker Poolman
17%
U.S. Senator & Representative (1829-1908) William B. Allison
17%
Basketball Player (1924-1985) Dave Wareham
0%
Army Corporal (1842-1913) George W. Healey
0%
No matching quizzes found
Score Distribution
Percent of People with Each Score
Percentile by Number Answered
Your Score History
You have not taken this quiz